[Event "AUT-ch U10 Girls"]
[Site "Schladming"]
[Date "2012.06.09"]
[Round "4.1"]
[White "Martic, Matea"]
[Black "Konecny, Sophie"]
[Result "0-1"]
[WhiteElo "1313"]
[BlackElo "1341"]
[PlyCount "133"]
[EventDate "2012.06.08"]
[EventType "swiss"]
[EventRounds "7"]
[EventCountry "AUT"]
[SourceTitle "EXT 2024"]
[Source "ChessBase"]
[SourceDate "2023.10.10"]
[SourceVersion "1"]
[SourceVersionDate "2023.10.10"]
[SourceQuality "1"]

1. e4 e5 2. Nf3 Nc6 3. Nc3 Nf6 4. Bb5 Bd6 5. a3 a6 6. Bc4 b5 7. Ba2 Bc5 8. h3 0-0 9. g4 b4 10. axb4 Bxb4 11. Nd5 Nxe4 12. Qe2 Nf6 13. Nxb4 Nxb4 14. Bb3 Nc6 15. d3 Bb7 16. Bg5 Nd4 17. Qe3 Nxf3+ 18. Kd1 Nxg5 19. Rg1 Bf3+ 20. Kd2 Nd5 21. Bxd5 Bxd5 22. Kc1 e4 23. h4 Nf3 24. Rh1 exd3 25. Qxd3 c6 26. c4 Be6 27. Qxf3 d5 28. Rd1 Rb8 29. Rxa6 f5 30. Rxc6 Qf6 31. Rd2 fxg4 32. Qxf6 Rxf6 33. cxd5 Bd7 34. Rxf6 gxf6 35. Kc2 f5 36. Kd3 h5 37. Ke3 Rb3+ 38. Kf4 Rf3+ 39. Kg5 f4 40. Kxh5 g3 41. fxg3 fxg3 42. Kg5 Rf2 43. Rd3 g2 44. Rg3 Bh3 45. h5 Rf1 46. Kh4+ Kh8 47. Kxh3 g1Q 48. Rxg1 Rxg1 49. Kh2 Rb1 50. Kg3 Rxb2 51. Kf4 Rf2+ 52. Ke5 Re2+ 53. Kd6 Rd2 54. Kc6 Rc2+ 55. Kd7 Rd2 56. d6 Kh7 57. Kd8 Kh6 58. d7 Kxh5 59. Ke8 Re2+ 60. Kd8 Kg6 61. Kc8 Rc2+ 62. Kb8 Rb2+ 63. Kc8 Rc2+ 64. Kb8 Rb2+ 65. Kc8 Rc2+ 66. Kb8 Rb2+ 67. Kc8 0-1

[Event "AUT-ch U10 Girls"]
[Site "Schladming"]
[Date "2012.06.09"]
[Round "5.3"]
[White "Wurzer, Miriam"]
[Black "Martic, Matea"]
[Result "0-1"]
[WhiteElo "1281"]
[BlackElo "1313"]
[PlyCount "38"]
[EventDate "2012.06.08"]
[EventType "swiss"]
[EventRounds "7"]
[EventCountry "AUT"]
[SourceTitle "EXT 2024"]
[Source "ChessBase"]
[SourceDate "2023.10.10"]
[SourceVersion "1"]
[SourceVersionDate "2023.10.10"]
[SourceQuality "1"]

1. e4 e5 2. Nf3 Nc6 3. Nc3 Nf6 4. d4 exd4 5. Nxd4 Bb4 6. Nxc6 bxc6 7. Bd3 d5 8. exd5 Qxd5 9. 0-0 Bxc3 10. bxc3 0-0 11. Be2 Qf5 12. Rb1 Qg6 13. Kh1 Ne4 14. Qd3 Bf5 15. Bf3 Nxf2+ 16. Rxf2 Bxd3 17. cxd3 Qxd3 18. Bxc6 Qd1+ 19. Rf1 Qxf1# 0-1

[Event "AUT-ch U10 Girls"]
[Site "Schladming"]
[Date "2012.06.08"]
[Round "1.4"]
[White "Manukjan, Silvie"]
[Black "Martic, Matea"]
[Result "0-1"]
[WhiteElo "1007"]
[BlackElo "1313"]
[PlyCount "92"]
[EventDate "2012.06.08"]
[EventType "swiss"]
[EventRounds "7"]
[EventCountry "AUT"]
[SourceTitle "EXT 2024"]
[Source "ChessBase"]
[SourceDate "2023.10.10"]
[SourceVersion "1"]
[SourceVersionDate "2023.10.10"]
[SourceQuality "1"]

1. e4 e5 2. Nf3 Nc6 3. Bc4 Nf6 4. Nc3 Bb4 5. a3 Be7 6. d3 d6 7. h3 0-0 8. Nh4 Re8 9. Qf3 Bf8 10. 0-0 g6 11. Qg3 Nh5 12. Qf3 Be6 13. Bxe6 Rxe6 14. Qg4 Nf6 15. Qg5 h6 16. Qe3 Ng4 17. Qg3 Nf6 18. Nxg6 Nxe4 19. Nxe4 Rxg6 20. Qf3 Nd4 21. Qe3 Nxc2 22. Qe2 Nxa1 23. Qh5 d5 24. Ng3 Nb3 25. Be3 d4 26. Qxe5 dxe3 27. fxe3 Bd6 28. Qf5 Rg7 29. Nh5 Rh7 30. Nf6+ Kf8 31. Nxh7+ Kg8 32. Qxf7+ Kh8 33. Qg6 Qe7 34. Qxh6 Qxh7 35. Qf6+ Qg7 36. Qh4+ Qh7 37. Qg3 Bxg3 38. Rf3 Bd6 39. d4 Qe4 40. Kf2 Rf8 41. Rxf8+ Bxf8 42. Ke2 Nxd4+ 43. Kd1 Bh6 44. Kc1 Bxe3+ 45. Kd1 Qxg2 46. Ke1 Qe2# 0-1

[Event "AUT-ch U12 Girls"]
[Site "Tschagguns"]
[Date "2012.05.29"]
[Round "7"]
[White "Martic, Matea"]
[Black "Schloffer, Jasmin Denise"]
[Result "0-1"]
[WhiteElo "1313"]
[BlackElo "1467"]
[PlyCount "34"]
[EventDate "2012.05.26"]
[EventType "swiss"]
[EventRounds "7"]
[EventCountry "AUT"]
[SourceTitle "CBM 148 Extra"]
[Source "ChessBase"]
[SourceDate "2012.06.22"]
[SourceVersion "1"]
[SourceVersionDate "2012.06.22"]
[SourceQuality "1"]

1. e4 e5 2. Nf3 Nc6 3. d4 exd4 4. Nxd4 Nf6 5. Nxc6 bxc6 6. e5 Qe7 7. Qe2 Nd5 8. c4 Ba6 9. b3 Qh4 10. g3 Qd4 11. Bb2 Bb4+ 12. Nd2 Qxb2 13. Qd1 Bxd2+ 14. Qxd2 Qxa1+ 15. Qd1 Qxe5+ 16. Qe2 Qxe2+ 17. Bxe2 Nf6 0-1